• 首页
  • 本馆介绍
  • 公告通知
  • 最新文献
  • 馆藏检索
  • 电子资源
  • 读者导购
  • 参考咨询
  • 我的图书馆
  • 登录
  • 详细信息显示
  • 放入我的书架
  • 预约/预借图书
  • 作者相关作品
  • 分类相关作品
  • 丛书相关作品
  • 出版社相关作品

书目信息

  • 表格格式
  • 工作单格式
  • 卡片格式
题名:
肉鸡肉鸭肉鹅快速饲养法
    
 
作者: 吴开宪 , 郭予强 编著
分册:  
出版信息: 北京   金盾出版社  1989
页数: 202页
开本: 20cm
丛书名:
单 册:
中图分类: S83
科图分类:
主题词: 家禽
电子资源:
ISBN: 7-80022-080-X
000 00612nam0 2200205 450
001 0765920350
005 20070726152417.17
010    @a7-80022-080-X@dCNY2.50
100    @a20070720d1989 km y0chiy0120 ea
101 0  @achi
102    @aCN@b110000
200 1  @a肉鸡肉鸭肉鹅快速饲养法@Arou ji rou ya rou e kuai su si yang fa@f吴开宪,郭予强编著@Fwu kai xian,guo yu qiang bian zhu
210    @a北京@c金盾出版社@d1989
215    @a202页@d20cm
606 0  @a家禽
690    @aS83@v3
701  0 @a吴开宪@Awu kai xian@4编著
701  0 @a郭予强@Aguo yu qiang@4编著
801  0 @aCN@bPFT@c20070726
905    @a10447@dS83@e69
    
    肉鸡肉鸭肉鹅快速饲养法/吴开宪,郭予强编著.-北京:金盾出版社,1989
    202页;20cm
    
    
    ISBN 7-80022-080-X:CNY2.50
    
●
相关链接 在E读中查询图书 在五车中查询图书 在当当中查询图书 在豆瓣中查询图书


正题名:肉鸡肉鸭肉鹅快速饲养法     索取号:S83/69         预约/预借

序号 登录号 条形码 馆藏地/架位号 状态 备注
1 0767502   207675023   第二样本阅览室/ [索取号:S83/69] 在馆    
唐山师范学院图书馆 欢迎您!
大连网信软件有限公司© 版权所有